000 00841nam a2200253 i 4500
001 52086
003 ES-MaACL
005 20250818063039.0
007 t|
008 030825s1974 mx ||||1| spa d
040 _cES-MaACL
100 1 _aChomsky, Noam,
_d1928-
_938607
_eaut
245 1 0 _aEstructuras sintácticas /
_cpor Noam Chomsky ; introducción, notas y apéndices por Carlos-Peregrín Otero.
260 _aMéxico :
_bSiglo Veintiuno,
_c[1974].
300 _a177 páginas ;
_c21 cm.
650 4 _917128
_aSintaxis
650 4 _914463
_aLingüística
700 0 _aPeregrin Otero, Carlos
_990462
_epbl
852 _aES-MaACL
_jE-7322
_bR.91893
_954060
_cDEPO2
_xEncuadernación rústica
942 _cMONOGRAFIA
_n0
999 _c52086
_d52086